MARC

Tag First Indicator Second Indicator Subfields
LEADER 00000cam a2200000 i 4500
001 in00003837721
005 20211120182000.0
006 m o d f
007 cr n||||||||||
008 140926s1905 dcuab ob f001 0 eng c
019 |a 570626371 
035 |a (OCoLC)ocn891401244 
040 |a COP  |b eng  |e rda  |e pn  |c COP  |d OCLCO  |d OCLCF  |d OCLCE  |d OCLCA  |d GPO  |d MvI  |d UtOrBLW 
042 |a dlr  |a pcc 
043 |a n-us-ky 
049 |a WWW 
074 |a 0624 (online) 
086 0 |a I 19.16:36 
100 1 |a Ulrich, E. O.  |q (Edward Oscar),  |d 1857-1944,  |e author.  |0 http://id.loc.gov/authorities/names/n87834249 
245 1 4 |a The lead, zinc, and fluorspar deposits of western Kentucky /  |c by E.O. Ulrich and W.S. Tangier Smith. 
264 1 |a Washington :  |b Department of the Interior, United States Geological Survey,  |c 1905. 
300 |a 1 online resource (218 pages) :  |b illustrations, maps. 
336 |a text  |b txt  |2 rdacontent 
337 |a computer  |b c  |2 rdamedia 
338 |a online resource  |b cr  |2 rdacarrier 
490 1 |a Professional paper ;  |v no. 36 
490 1 |a Series A, Economic geology ;  |v 46 
490 1 |a Series B, Descriptive geology ;  |v 58 
490 1 |a Series C--Systemic geology and paleontoloyg ;  |v 71 
500 |a Title from title screen (viewed September 17, 2014). 
504 |a Includes bibliographical references and index. 
650 0 |a Geology  |z Kentucky.  |0 http://id.loc.gov/authorities/subjects/sh2008117935 
650 0 |a Mines and mineral resources  |z Kentucky. 
650 0 |a Fluorspar  |z Kentucky. 
650 0 |a Lead  |z Kentucky. 
650 0 |a Zinc  |z Kentucky. 
650 7 |a Fluorspar.  |2 fast 
650 7 |a Geology.  |2 fast 
650 7 |a Lead mines and mining.  |2 fast 
650 7 |a Zinc ores.  |2 fast 
651 7 |a Kentucky.  |2 fast 
700 1 |a Smith, W. S. Tangier  |q (William Sidney Tangier),  |d 1869-1962,  |e author.  |0 http://id.loc.gov/authorities/names/no98128579 
710 2 |a Geological Survey (U.S.),  |e issuing body.  |0 http://id.loc.gov/authorities/names/n80092173 
776 0 8 |i Paper version:  |a Ulrich, E. O. (Edward Oscar), 1857-1944.  |t Lead, zinc, and fluorspar deposits of western Kentucky  |w (OCoLC)5796647 
830 0 |a Professional paper (Geological Survey (U.S.)) ;  |v no. 36.  |0 http://id.loc.gov/authorities/names/n84705997 
830 0 |a Series A--Economic geology ;  |v 46.  |0 http://id.loc.gov/authorities/names/no2001052278 
830 0 |a Series B--Descriptive geology ;  |v 58.  |0 http://id.loc.gov/authorities/names/no2015102806 
830 0 |a Series C--Systematic geology and paleontology ;  |v 71.  |0 http://id.loc.gov/authorities/names/no2001052234 
856 4 0 |u https://purl.fdlp.gov/GPO/gpo78582  |t 0 
999 f f |s 60fa3e97-0e87-3b64-8242-1ce597bbc817  |i ef6ad547-2225-372a-828a-27555781b567  |t 0 
952 f f |a Texas A&M University  |b College Station  |c Electronic Resources  |d Available Online  |t 0  |e I 19.16:36  |h Superintendent of Documents classification 
998 f f |a I 19.16:36  |t 0  |l Available Online